000 00996nam a22002537a 4500
005 20170124103030.0
010 _aA-763084
020 _c130.00
_a8185710309
035 _aA-763084
037 _bCen Lib/Ret
040 _aDPL
_bHN
082 _a
_bमृद्गल
100 _aमृद्गल, अवधनारायण
_963642
245 _aसंस्कार और सजा /
_c अवधनारायण मृद्गल
246 _aSanskar or saza /
_bby Avadhnarayan Mrudgal
260 _aदिल्ली
_bराजेश प्रकाशन
_c1998
270 _bदिल्ली
_aजी-5/62, अर्जुन नगर
_e110051
300 _a199पृ.
_c19सेमी (सजिल्द)
650 _aहिंदी साहित्य
_963643
650 _aहिंदी कहानियां
_92082
650 _aHindi literature
_963644
650 _aHindi stories
_963645
942 _2ddc
_cHN
_h
_mमृद्गल
999 _c115872
_d115872